Frank Lloyd Wright / (Record no. 187783)

MARC details
000 -LEADER
campo de control de longitud fija 00671nam a2200205 i 4500
001 - NÚMERO DE CONTROL
campo de control 187783
003 - IDENTIFICADOR DE NÚMERO DE CONTROL
campo de control ES-MaACL
005 - FECHA Y HORA DE LA ÚLTIMA TRANSACCIÓN
campo de control 20260617165151.0
008 - DATOS DE LONGITUD FIJA--INFORMACIÓN GENERAL
campo de control de longitud fija 180221s1961 sp |||| | spa d
100 0# - ENTRADA PRINCIPAL--NOMBRE DE PERSONA
Nombre de persona Scully, Vincent.
9 (RLIN) 104975
245 10 - MENCIÓN DEL TÍTULO
Título Frank Lloyd Wright /
Mención de responsabilidad, etc. Vincent Scully ; [versión de Adolfo Sarabia].
260 ## - PUBLICACIÓN, DISTRIBUCIÓN, ETC.
Lugar de publicación, distribución, etc. Barcelona :
Nombre del editor, distribuidor, etc. Bruguera,
Fecha de publicación, distribución, etc. [1961]
300 ## - DESCRIPCIÓN FÍSICA
Extensión 127 p., lám. 1-127 ;
Dimensiones 26 cm.
490 1# - MENCIÓN DE SERIE
Mención de serie Maestros de la Arquitectura Mundial
600 17 - PUNTO DE ACCESO ADICIONAL DE MATERIA--NOMBRE DE PERSONA
Nombre de persona Wright, Frank Lloyd,
Fechas asociadas al nombre 1867-1959
9 (RLIN) 148530
700 0# - ENTRADA AGREGADA--NOMBRE PERSONAL
Nombre de persona Sarabia, Adolfo.
9 (RLIN) 103732
830 0# - PUNTO DE ACCESO ADICIONAL DE SERIE-TÍTULO UNIFORME
Título uniforme Maestros de la Arquitectura Mundial
9 (RLIN) 192833
852 ## - LOCALIZACIÓN
Ubicación ES-MaACL
Número de control de estantería E-3955
Holdings
Estatus retirado Estado de pérdida Estado de daño No para préstamo Biblioteca de origen Biblioteca actual Ubicación en estantería Fecha de adquisición Fuente de adquisición Total de préstamos Signatura topográfica completa Código de barras Visto por última vez Precio de reemplazo Tipo de ítem Koha
        Biblioteca del Ateneo de Madrid Biblioteca del Ateneo de Madrid Depósito 2 21/02/2018     E-3955 1198396 23/02/2023 23/02/2023 Libro impreso